[Event "DVM U14w 2020"]
[Site "Willingen GER"]
[Date "2021.06.24"]
[Round "2"]
[White "Derling, Charlotte"]
[Black "Sinner, Joselyne"]
[Result "1/2-1/2"]
[Termination "normal"]
[Board "2.3"]
[WhiteElo "1406"]
[BlackElo "1409"]
[WhiteClock "00:31:06"]
[BlackClock "00:32:07"]
[WhiteTeam "SV Roter Turm Halle"]
[BlackTeam "Schachgemeinschaft Porz e. V."]
[PlyCount "102"]
[WhiteFideId "16222237"]
[BlackFideId "16210387"]
[EventCountry "GER"]
[EventRounds "7"]
[EventType "team-swiss"]
[EventDate "2021.06.23"]

1. e4 {[%clk 1:30:57]} 1... e5 {[%clk 1:30:55]} 2. Nf3 {[%clk 1:31:21]} 2...
Nc6 {[%clk 1:31:21]} 3. d4 {[%clk 1:31:41]} 3... exd4 {[%clk 1:31:46]} 4. Nxd4
{[%clk 1:32:05]} 4... Bc5 {[%clk 1:32:10]} 5. Be3 {[%clk 1:32:20]} 5... Qf6 {
[%clk 1:32:33]} 6. c3 {[%clk 1:32:37]} 6... Nge7 {[%clk 1:32:54]} 7. Bc4 {
[%clk 1:32:48]} 7... Ne5 {[%clk 1:33:14]} 8. Be2 {[%clk 1:33:09]} 8... Qg6 {
[%clk 1:33:18]} 9. O-O {[%clk 1:33:23]} 9... d6 {[%clk 1:33:33]} 10. Nd2 {
[%clk 1:33:06]} 10... Bh3 {[%clk 1:20:59]} 11. Bf3 {[%clk 1:31:58]} 11... Nxf3+
{[%clk 1:18:49]} 12. Qxf3 {[%clk 1:32:00]} 12... Bg4 {[%clk 1:18:53]} 13. Qg3 {
[%clk 1:24:35]} 13... O-O {[%clk 1:15:42]} 14. h3 {[%clk 1:13:29]} 14... Bh5 {
[%clk 1:07:04]} 15. Qxg6 {[%clk 1:07:09]} 15... Bxg6 {[%clk 1:07:16]} 16. f4 {
[%clk 1:03:05]} 16... f5 {[%clk 0:59:33]} 17. g4 {[%clk 0:59:40]} 17... fxe4 {
[%clk 0:50:46]} 18. f5 {[%clk 0:55:04]} 18... Nd5 {[%clk 0:40:31]} 19. fxg6 {
[%clk 0:41:21]} 19... Nxe3 {[%clk 0:40:12]} 20. gxh7+ {[%clk 0:40:31]} 20...
Kxh7 {[%clk 0:40:31]} 21. Rxf8 {[%clk 0:36:41]} 21... Rxf8 {[%clk 0:40:51]} 22.
Nxe4 {[%clk 0:35:58]} 22... Bb6 {[%clk 0:40:11]} 23. Re1 {[%clk 0:29:36]} 23...
Nc2 {[%clk 0:35:21]} 24. Rd1 {[%clk 0:18:54]} 24... Nxd4 {[%clk 0:34:31]} 25.
cxd4 {[%clk 0:18:34]} 25... Rf4 {[%clk 0:28:33]} 26. Nc3 {[%clk 0:10:52]} 26...
Rxd4 {[%clk 0:26:30]} 27. Rxd4 {[%clk 0:10:34]} 27... Bxd4+ {[%clk 0:26:49]}
28. Kg2 {[%clk 0:10:27]} 28... Bxc3 {[%clk 0:26:02]} 29. bxc3 {[%clk 0:10:45]}
29... g5 {[%clk 0:16:10]} 30. Kg3 {[%clk 0:09:36]} 30... Kg6 {[%clk 0:15:25]}
31. h4 {[%clk 0:09:21]} 31... gxh4+ {[%clk 0:13:24]} 32. Kxh4 {[%clk 0:09:39]}
32... c6 {[%clk 0:12:57]} 33. g5 {[%clk 0:08:44]} 33... b5 {[%clk 0:09:10]} 34.
Kg4 {[%clk 0:08:28]} 34... a6 {[%clk 0:08:47]} 35. Kf4 {[%clk 0:08:12]} 35...
a5 {[%clk 0:08:56]} 36. a3 {[%clk 0:08:20]} 36... a4 {[%clk 0:07:57]} 37. Ke4 {
[%clk 0:05:54]} 37... Kxg5 {[%clk 0:07:42]} 38. Kd4 {[%clk 0:05:10]} 38... Kf5
{[%clk 0:02:32]} 39. c4 {[%clk 0:03:44]} 39... Ke6 {[%clk 0:01:25]} 40. Kc3 {
[%clk 0:01:50]} 40... Ke5 {[%clk 0:00:32]} 41. cxb5 {[%clk 0:30:05]} 41... cxb5
{[%clk 0:30:05]} 42. Kb4 {[%clk 0:30:19]} 42... d5 {[%clk 0:29:29]} 43. Kxb5 {
[%clk 0:30:10]} 43... d4 {[%clk 0:29:50]} 44. Kxa4 {[%clk 0:30:27]} 44... d3 {
[%clk 0:29:43]} 45. Kb3 {[%clk 0:30:53]} 45... Ke4 {[%clk 0:30:04]} 46. a4 {
[%clk 0:30:04]} 46... d2 {[%clk 0:30:25]} 47. Kc2 {[%clk 0:30:10]} 47... Ke3 {
[%clk 0:30:46]} 48. Kd1 {[%clk 0:30:29]} 48... Kd4 {[%clk 0:30:52]} 49. Kxd2 {
[%clk 0:30:46]} 49... Kc4 {[%clk 0:31:14]} 50. a5 {[%clk 0:31:06]} 50... Kb5 {
[%clk 0:32:07]} 51. a6 Kxa6 1/2-1/2

[Event "DVM U14w 2020"]
[Site "Willingen GER"]
[Date "2021.06.24"]
[Round "2"]
[White "Siegel, Irene"]
[Black "Fiedler, Annabelle"]
[Result "1-0"]
[Termination "normal"]
[Board "2.4"]
[WhiteElo "1212"]
[BlackElo "860"]
[WhiteClock "00:47:49"]
[BlackClock "00:35:07"]
[WhiteTeam "Schachgemeinschaft Porz e. V."]
[BlackTeam "SV Roter Turm Halle"]
[PlyCount "65"]
[WhiteFideId "16284380"]
[BlackFideId "34605835"]
[EventCountry "GER"]
[EventRounds "7"]
[EventType "team-swiss"]
[EventDate "2021.06.23"]

1. e4 {[%clk 1:30:57]} 1... c5 {[%clk 1:30:54]} 2. Nf3 {[%clk 1:31:14]} 2... d6
{[%clk 1:30:14]} 3. Bc4 {[%clk 1:27:54]} 3... Bg4 {[%clk 1:24:16]} 4. Bxf7+ {
[%clk 1:25:15]} 4... Kxf7 {[%clk 1:24:17]} 5. Ng5+ {[%clk 1:25:29]} 5... Ke8 {
[%clk 1:23:29]} 6. Qxg4 {[%clk 1:25:10]} 6... Nf6 {[%clk 1:21:55]} 7. Qe6 {
[%clk 1:22:24]} 7... h6 {[%clk 1:18:16]} 8. Nf7 {[%clk 1:19:19]} 8... Qd7 {
[%clk 1:14:44]} 9. Qxd7+ {[%clk 1:18:13]} 9... Nbxd7 {[%clk 1:14:20]} 10. Nxh8
{[%clk 1:18:24]} 10... Ne5 {[%clk 1:14:20]} 11. Nc3 {[%clk 1:14:39]} 11... e6 {
[%clk 1:08:59]} 12. d3 {[%clk 1:10:08]} 12... g5 {[%clk 1:07:01]} 13. f4 {
[%clk 1:06:11]} 13... Neg4 {[%clk 1:04:48]} 14. h3 {[%clk 1:03:30]} 14... Bg7 {
[%clk 1:02:10]} 15. hxg4 {[%clk 1:02:16]} 15... d5 {[%clk 0:58:09]} 16. fxg5 {
[%clk 0:59:50]} 16... hxg5 {[%clk 0:52:47]} 17. Bxg5 {[%clk 0:59:02]} 17...
Nxg4 {[%clk 0:51:34]} 18. exd5 {[%clk 0:58:08]} 18... Kd7 {[%clk 0:47:56]} 19.
dxe6+ {[%clk 0:55:23]} 19... Kxe6 {[%clk 0:47:51]} 20. Ng6 {[%clk 0:54:24]}
20... Kf5 {[%clk 0:47:40]} 21. Nf4 {[%clk 0:54:27]} 21... Re8+ {[%clk 0:47:06]}
22. Ne4 {[%clk 0:51:04]} 22... Ne5 {[%clk 0:43:56]} 23. Nd6+ {[%clk 0:50:02]}
23... Kxg5 {[%clk 0:43:24]} 24. Nxe8 {[%clk 0:50:19]} 24... Bf8 {[%clk 0:42:00]
} 25. Ne6+ {[%clk 0:49:25]} 25... Kg6 {[%clk 0:40:18]} 26. Nxf8+ { [%clk
0:49:17]} 26... Kf7 {[%clk 0:40:38]} 27. Kd2 {[%clk 0:48:19]} 27... Kxf8 {[%clk
0:39:20]} 28. Rh8+ {[%clk 0:47:38]} 28... Kf7 29. Rf1+ {[%clk 0:48:33]} 29...
Ke6 {[%clk 0:37:40]} 30. Ng7+ {[%clk 0:48:01]} 30... Kd5 {[%clk 0:36:49]} 31.
Rf5 {[%clk 0:47:30]} 31... Kd4 {[%clk 0:36:01]} 32. Rd8+ {[%clk 0:47:49]} 32...
Nd7 {[%clk 0:35:07]} 33. Rxd7# 1-0

[Event "DVM U14w 2020"]
[Site "Willingen GER"]
[Date "2021.06.24"]
[Round "2"]
[White "Zhou, Lepu Coco"]
[Black "Stepanjan, Marianne"]
[Result "1-0"]
[Termination "normal"]
[Board "3.1"]
[WhiteElo "1905"]
[BlackElo "1383"]
[WhiteClock "01:19:50"]
[BlackClock "00:26:24"]
[WhiteTeam "SC Weisse Dame e.V."]
[BlackTeam "TuRa Harksheide von 1945 Norderstedt"]
[PlyCount "73"]
[WhiteFideId "16217136"]
[BlackFideId "16246110"]
[EventCountry "GER"]
[EventRounds "7"]
[EventType "team-swiss"]
[EventDate "2021.06.23"]

1. e4 {[%clk 1:30:55]} 1... c5 {[%clk 1:30:55]} 2. Nf3 {[%clk 1:31:16]} 2...
Nc6 {[%clk 1:31:19]} 3. d4 {[%clk 1:31:39]} 3... cxd4 {[%clk 1:31:43]} 4. Nxd4
{[%clk 1:32:03]} 4... d6 {[%clk 1:31:43]} 5. c4 {[%clk 1:31:59]} 5... Nf6 {
[%clk 1:31:53]} 6. Nc3 {[%clk 1:32:16]} 6... g6 {[%clk 1:32:11]} 7. Be3 { [%clk
1:32:37]} 7... Bg7 {[%clk 1:32:02]} 8. Be2 {[%clk 1:33:01]} 8... O-O { [%clk
1:32:56]} 9. O-O {[%clk 1:33:23]} 9... a6 {[%clk 1:33:11]} 10. h3 { [%clk
1:33:12]} 10... Bd7 {[%clk 1:33:01]} 11. Qc2 {[%clk 1:32:56]} 11... Rb8 { [%clk
1:31:56]} 12. Rad1 {[%clk 1:31:54]} 12... Nxd4 {[%clk 1:28:27]} 13. Bxd4 {[%clk
1:32:14]} 13... b5 {[%clk 1:28:01]} 14. e5 {[%clk 1:30:23]} 14... Ne8 { [%clk
1:23:36]} 15. exd6 {[%clk 1:29:15]} 15... Nxd6 {[%clk 1:23:01]} 16. Bxg7 {[%clk
1:29:32]} 16... Kxg7 {[%clk 1:23:22]} 17. c5 {[%clk 1:29:55]} 17... Nb7 {[%clk
1:21:10]} 18. c6 {[%clk 1:30:13]} 18... Bf5 {[%clk 1:20:14]} 19. Rxd8 { [%clk
1:29:21]} 19... Bxc2 {[%clk 1:14:34]} 20. Rxf8 {[%clk 1:29:17]} 20... Kxf8
{[%clk 1:14:05]} 21. cxb7 {[%clk 1:29:18]} 21... Rxb7 {[%clk 1:14:27]} 22. Rc1
{[%clk 1:29:09]} 22... Bf5 {[%clk 1:14:44]} 23. g4 {[%clk 1:28:59]} 23... Be6
{[%clk 1:14:42]} 24. Ne4 {[%clk 1:28:08]} 24... Rb8 {[%clk 1:04:35]} 25. Nc5
{[%clk 1:26:18]} 25... Bc8 {[%clk 1:02:12]} 26. Rd1 {[%clk 1:25:50]} 26... Ke8
{[%clk 1:00:48]} 27. Bf3 {[%clk 1:26:00]} 27... Rb6 {[%clk 0:58:06]} 28. Kg2
{[%clk 1:23:54]} 28... f5 {[%clk 0:54:01]} 29. Kg3 {[%clk 1:22:28]} 29... e5
{[%clk 0:51:49]} 30. gxf5 {[%clk 1:20:30]} 30... gxf5 {[%clk 0:46:37]} 31. Rd5
{[%clk 1:19:59]} 31... Rg6+ {[%clk 0:39:31]} 32. Kh2 {[%clk 1:19:59]} 32... e4
33. Bh5 {[%clk 1:20:18]} 33... Ke7 {[%clk 0:32:46]} 34. Bxg6 {[%clk 1:20:35] }
34... hxg6 {[%clk 0:32:59]} 35. Kg3 {[%clk 1:20:40]} 35... g5 {[%clk 0:33:11] }
36. f4 {[%clk 1:19:33]} 36... gxf4+ {[%clk 0:26:24]} 37. Kxf4 {[%clk 1:19:50] }
1-0

[Event "DVM U14w 2020"]
[Site "Willingen GER"]
[Date "2021.06.24"]
[Round "2"]
[White "Foos, Vanessa"]
[Black "Reddi, Bhuvana"]
[Result "0-1"]
[Termination "normal"]
[Board "3.2"]
[WhiteElo "1380"]
[BlackElo "1359"]
[WhiteClock "00:03:14"]
[BlackClock "00:34:42"]
[WhiteTeam "TuRa Harksheide von 1945 Norderstedt"]
[BlackTeam "SC Weisse Dame e.V."]
[PlyCount "70"]
[WhiteFideId "16245270"]
[BlackFideId "16287002"]
[EventCountry "GER"]
[EventRounds "7"]
[EventType "team-swiss"]
[EventDate "2021.06.23"]

1. e4 {[%clk 1:30:57]} 1... e5 {[%clk 1:30:54]} 2. Nf3 {[%clk 1:31:22]} 2...
Nc6 {[%clk 1:31:17]} 3. Bc4 {[%clk 1:31:32]} 3... Nf6 {[%clk 1:31:34]} 4. Ng5 {
[%clk 1:31:51]} 4... d5 {[%clk 1:31:54]} 5. exd5 {[%clk 1:32:15]} 5... b5 {
[%clk 1:32:20]} 6. dxc6 {[%clk 1:31:05]} 6... bxc4 {[%clk 1:32:20]} 7. Nc3 {
[%clk 1:31:02]} 7... Qd6 {[%clk 1:31:20]} 8. Qe2 {[%clk 1:28:24]} 8... Be6 {
[%clk 1:23:55]} 9. Nxe6 {[%clk 1:27:44]} 9... Qxe6 {[%clk 1:20:07]} 10. Nb5 {
[%clk 1:23:29]} 10... Bd6 {[%clk 1:19:35]} 11. b3 {[%clk 1:19:14]} 11... cxb3 {
[%clk 1:14:59]} 12. axb3 {[%clk 1:19:05]} 12... Qd5 {[%clk 1:14:09]} 13. Nxd6+
{[%clk 1:11:51]} 13... cxd6 {[%clk 1:12:35]} 14. f4 {[%clk 1:04:07]} 14... Qxc6
{[%clk 1:10:30]} 15. fxe5 {[%clk 1:02:38]} 15... O-O {[%clk 1:10:16]} 16. O-O {
[%clk 0:59:19]} 16... dxe5 {[%clk 1:08:16]} 17. Qc4 {[%clk 0:47:27]} 17... Qd6
{[%clk 1:07:40]} 18. Ba3 {[%clk 0:46:34]} 18... Qxd2 {[%clk 1:06:22]} 19. Bxf8
{[%clk 0:42:21]} 19... Rxf8 {[%clk 1:06:51]} 20. Qd3 {[%clk 0:42:05]} 20... Qb4
{[%clk 1:06:26]} 21. Ra4 {[%clk 0:34:37]} 21... Qb8 {[%clk 1:04:27]} 22. Qa6 {
[%clk 0:31:55]} 22... e4 {[%clk 0:56:02]} 23. Qxa7 {[%clk 0:26:22]} 23... Qe5 {
[%clk 0:54:24]} 24. Qd4 {[%clk 0:22:29]} 24... Qc7 {[%clk 0:43:11]} 25. Rc4 {
[%clk 0:18:12]} 25... Qb8 {[%clk 0:42:26]} 26. Qe3 {[%clk 0:17:11]} 26... Ng4 {
[%clk 0:40:35]} 27. Qg3 {[%clk 0:15:06]} 27... Qb6+ {[%clk 0:38:13]} 28. Kh1 {
[%clk 0:15:26]} 28... Ne3 {[%clk 0:38:23]} 29. Re1 {[%clk 0:07:53]} 29... Nxc4
{[%clk 0:38:21]} 30. bxc4 {[%clk 0:08:01]} 30... f5 {[%clk 0:37:27]} 31. Qb3 {
[%clk 0:07:44]} 31... Qf2 {[%clk 0:35:56]} 32. Rd1 {[%clk 0:04:58]} 32... e3 {
[%clk 0:35:05]} 33. c5+ {[%clk 0:03:38]} 33... Kh8 {[%clk 0:34:46]} 34. Qc3 {
[%clk 0:02:51]} 34... e2 {[%clk 0:34:42]} 35. Re1 {[%clk 0:03:14]} 35... Qf1+
0-1

[Event "DVM U14w 2020"]
[Site "Willingen GER"]
[Date "2021.06.24"]
[Round "2"]
[White "Schmidt, Luise"]
[Black "Petrosyan, Ani"]
[Result "1/2-1/2"]
[Termination "normal"]
[Board "3.3"]
[WhiteElo "1390"]
[BlackElo "1353"]
[WhiteClock "00:58:54"]
[BlackClock "00:51:18"]
[WhiteTeam "SC Weisse Dame e.V."]
[BlackTeam "TuRa Harksheide von 1945 Norderstedt"]
[PlyCount "65"]
[WhiteFideId "16294475"]
[BlackFideId "16248015"]
[EventCountry "GER"]
[EventRounds "7"]
[EventType "team-swiss"]
[EventDate "2021.06.23"]

1. e4 {[%clk 1:30:54]} 1... c6 {[%clk 1:30:51]} 2. d4 {[%clk 1:31:12]} 2... d5
{[%clk 1:31:14]} 3. Nc3 {[%clk 1:30:29]} 3... dxe4 {[%clk 1:31:16]} 4. Nxe4 {
[%clk 1:30:45]} 4... Bf5 {[%clk 1:31:34]} 5. Ng3 {[%clk 1:30:56]} 5... Bg6 {
[%clk 1:31:55]} 6. h4 {[%clk 1:30:46]} 6... h6 {[%clk 1:32:14]} 7. h5 { [%clk
1:30:30]} 7... Bh7 {[%clk 1:32:27]} 8. Nf3 {[%clk 1:30:09]} 8... Nf6 { [%clk
1:32:35]} 9. Bd3 {[%clk 1:30:12]} 9... Bxd3 {[%clk 1:32:43]} 10. Qxd3 { [%clk
1:30:35]} 10... e6 {[%clk 1:32:59]} 11. Bf4 {[%clk 1:30:40]} 11... Nbd7 { [%clk
1:28:13]} 12. O-O-O {[%clk 1:29:19]} 12... Nd5 {[%clk 1:27:16]} 13. Bd2 { [%clk
1:28:19]} 13... Qc7 {[%clk 1:27:15]} 14. Kb1 {[%clk 1:24:34]} 14... O-O-O
{[%clk 1:26:49]} 15. Rde1 {[%clk 1:20:37]} 15... Bd6 {[%clk 1:22:40]} 16. Ne4 {
[%clk 1:15:24]} 16... Bf4 {[%clk 1:16:43]} 17. g3 {[%clk 1:14:11]} 17... Bxd2 {
[%clk 1:15:11]} 18. Qxd2 {[%clk 1:13:09]} 18... Kb8 {[%clk 1:05:21]} 19. Nc3 {
[%clk 1:07:05]} 19... Nxc3+ {[%clk 1:00:59]} 20. Qxc3 {[%clk 1:06:24]} 20... c5
{[%clk 0:58:43]} 21. dxc5 {[%clk 1:03:35]} 21... Nxc5 {[%clk 0:56:11]} 22. Qxg7
{[%clk 1:01:57]} 22... f5 {[%clk 0:51:01]} 23. Qxc7+ {[%clk 0:58:54]} 23...
Kxc7 {[%clk 0:51:18]} 24. b3 Ne4 25. Rhf1 Rd7 26. Kb2 Rd5 27. Re2 Rhd8 28. Kc1
R8d6 29. Rfe1 Kd7 30. a4 a5 31. Kb1 Kc7 32. g4 Kd7 33. gxf5 1/2-1/2

[Event "DVM U14w 2020"]
[Site "Willingen GER"]
[Date "2021.06.24"]
[Round "2"]
[White "Chen, Michelle"]
[Black "Xiao, Yiyi"]
[Result "1/2-1/2"]
[Termination "normal"]
[Board "3.4"]
[WhiteElo "1064"]
[BlackElo "1381"]
[WhiteClock "01:05:02"]
[BlackClock "01:29:10"]
[WhiteTeam "TuRa Harksheide von 1945 Norderstedt"]
[BlackTeam "SC Weisse Dame e.V."]
[PlyCount "70"]
[WhiteFideId "16275403"]
[BlackFideId "34605665"]
[EventCountry "GER"]
[EventRounds "7"]
[EventType "team-swiss"]
[EventDate "2021.06.23"]

1. e4 e5 2. Nf3 {[%clk 1:30:40]} 2... Nc6 {[%clk 1:30:49]} 3. d4 { [%clk
1:31:03]} 3... exd4 {[%clk 1:31:01]} 4. Nxd4 {[%clk 1:31:27]} 4... g6 { [%clk
1:31:12]} 5. Nc3 {[%clk 1:30:16]} 5... Bg7 {[%clk 1:30:50]} 6. Nxc6 { [%clk
1:28:52]} 6... bxc6 {[%clk 1:30:55]} 7. Bc4 {[%clk 1:28:14]} 7... Nf6 { [%clk
1:31:02]} 8. O-O {[%clk 1:28:05]} 8... O-O {[%clk 1:31:08]} 9. Re1 { [%clk
1:27:24]} 9... Re8 {[%clk 1:30:57]} 10. Bf4 {[%clk 1:27:13]} 10... d5 { [%clk
1:31:00]} 11. exd5 {[%clk 1:27:14]} 11... Rxe1+ {[%clk 1:31:16]} 12. Qxe1
{[%clk 1:27:35]} 12... cxd5 {[%clk 1:31:31]} 13. Bb5 {[%clk 1:25:14]} 13... Be6
{[%clk 1:31:30]} 14. Na4 {[%clk 1:24:09]} 14... Qc8 {[%clk 1:30:37]} 15. Nc5 {
[%clk 1:23:10]} 15... Bf5 {[%clk 1:30:21]} 16. c3 {[%clk 1:22:03]} 16... c6 {
[%clk 1:30:11]} 17. Be2 {[%clk 1:21:04]} 17... Nd7 {[%clk 1:30:23]} 18. Nb3 {
[%clk 1:20:58]} 18... c5 {[%clk 1:30:24]} 19. Qd2 {[%clk 1:20:17]} 19... Nf6 {
[%clk 1:30:18]} 20. Be5 20... Qc6 {[%clk 1:29:43]} 21. Na5 {[%clk 1:19:01]}
21... Qe6 {[%clk 1:29:16]} 22. f4 {[%clk 1:17:25]} 22... Ne4 {[%clk 1:29:26]}
23. Qe3 {[%clk 1:16:12]} 23... Bxe5 {[%clk 1:29:19]} 24. fxe5 {[%clk 1:15:59]}
24... Qxe5 {[%clk 1:29:32]} 25. Bf3 {[%clk 1:15:34]} 25... d4 {[%clk 1:29:46]}
26. Qh6 {[%clk 1:13:55]} 26... dxc3 {[%clk 1:29:49]} 27. Nc6 {[%clk 1:13:54]}
27... cxb2 {[%clk 1:29:54]} 28. Rd1 28... Qg7 {[%clk 1:28:32]} 29. Qh4 { [%clk
1:07:32]} 29... Nc3 {[%clk 1:28:18]} 30. Rd8+ {[%clk 1:07:21]} 30... Rxd8
{[%clk 1:28:28]} 31. Qxd8+ {[%clk 1:07:30]} 31... Qf8 {[%clk 1:28:39]} 32. Ne7+
{[%clk 1:05:44]} 32... Kg7 {[%clk 1:28:56]} 33. Nxf5+ {[%clk 1:04:25]} 33...
gxf5 {[%clk 1:28:26]} 34. Qg5+ {[%clk 1:04:42]} 34... Kh8 {[%clk 1:28:48]} 35.
Qf6+ {[%clk 1:05:02]} 35... Kg8 {[%clk 1:29:10]} 1/2-1/2

[Event "DVM U14w 2020"]
[Site "Willingen GER"]
[Date "2021.06.24"]
[Round "2"]
[White "Alferova, Emily"]
[Black "Werner, Rosalie"]
[Result "1/2-1/2"]
[Termination "normal"]
[Board "4.1"]
[WhiteElo "1365"]
[BlackElo "1751"]
[WhiteClock "00:06:09"]
[BlackClock "00:03:28"]
[WhiteTeam "SC Garching 1980 e.V."]
[BlackTeam "VSG 1880 Offenbach"]
[PlyCount "110"]
[WhiteFideId "16265904"]
[BlackFideId "16223748"]
[EventCountry "GER"]
[EventRounds "7"]
[EventType "team-swiss"]
[EventDate "2021.06.23"]

1. d4 {[%clk 1:30:58]} 1... Nf6 {[%clk 1:30:49]} 2. Nf3 {[%clk 1:31:22]} 2...
d6 {[%clk 1:30:45]} 3. Nbd2 {[%clk 1:31:44]} 3... Nbd7 {[%clk 1:30:48]} 4. c3 {
[%clk 1:28:11]} 4... g6 {[%clk 1:29:57]} 5. g3 {[%clk 1:26:40]} 5... Bg7 {
[%clk 1:29:47]} 6. Bg2 {[%clk 1:26:48]} 6... O-O {[%clk 1:29:23]} 7. O-O {
[%clk 1:25:53]} 7... Re8 {[%clk 1:25:34]} 8. e4 {[%clk 1:19:14]} 8... e5 {
[%clk 1:23:26]} 9. dxe5 {[%clk 1:16:39]} 9... dxe5 {[%clk 1:23:06]} 10. Qe2 {
[%clk 1:15:56]} 10... Qe7 {[%clk 1:19:32]} 11. Nb3 {[%clk 1:04:19]} 11... b6 {
[%clk 1:12:16]} 12. Bg5 {[%clk 0:52:42]} 12... h6 {[%clk 1:09:46]} 13. Bc1 {
[%clk 0:47:53]} 13... Bb7 {[%clk 1:08:25]} 14. Nfd2 {[%clk 0:43:40]} 14... a5 {
[%clk 1:03:17]} 15. a4 {[%clk 0:37:10]} 15... Ba6 {[%clk 0:59:21]} 16. c4 {
[%clk 0:35:22]} 16... Nc5 {[%clk 0:54:27]} 17. Nxc5 {[%clk 0:33:32]} 17... Qxc5
{[%clk 0:54:28]} 18. b3 {[%clk 0:33:34]} 18... Qd4 {[%clk 0:48:09]} 19. Rb1 {
[%clk 0:29:22]} 19... Rad8 {[%clk 0:46:15]} 20. Rd1 {[%clk 0:27:26]} 20... Qd3
{[%clk 0:40:49]} 21. Qxd3 {[%clk 0:24:21]} 21... Rxd3 {[%clk 0:41:10]} 22. Bf1
{[%clk 0:22:00]} 22... Rd7 {[%clk 0:36:24]} 23. Bh3 {[%clk 0:21:28]} 23... Rdd8
{[%clk 0:35:40]} 24. Ba3 {[%clk 0:16:16]} 24... c5 {[%clk 0:32:56]} 25. f3 {
[%clk 0:15:43]} 25... Rd6 {[%clk 0:30:36]} 26. Nf1 {[%clk 0:10:56]} 26... Red8
{[%clk 0:29:37]} 27. Ne3 {[%clk 0:10:16]} 27... Rd3 {[%clk 0:16:15]} 28. Rxd3 {
[%clk 0:10:14]} 28... Rxd3 {[%clk 0:16:39]} 29. Bc1 {[%clk 0:10:27]} 29... Bb7
{[%clk 0:13:10]} 30. Kf2 {[%clk 0:10:41]} 30... Ne8 {[%clk 0:11:32]} 31. Nd5 {
[%clk 0:08:28]} 31... Bxd5 {[%clk 0:11:49]} 32. exd5 {[%clk 0:08:38]} 32... Nd6
{[%clk 0:09:12]} 33. Be3 {[%clk 0:02:33]} 33... f5 {[%clk 0:02:39]} 34. Ke2 {
[%clk 0:01:48]} 34... Rc3 {[%clk 0:02:50]} 35. Kd2 {[%clk 0:01:57]} 35... e4 {
[%clk 0:03:05]} 36. f4 {[%clk 0:02:24]} 36... Rd3+ {[%clk 0:03:20]} 37. Ke2 {
[%clk 0:02:31]} 37... Bd4 {[%clk 0:02:08]} 38. Bxd4 {[%clk 0:02:57]} 38... Rxd4
{[%clk 0:02:30]} 39. Rd1 {[%clk 0:03:02]} 39... Kf7 {[%clk 0:01:29]} 40. Rd2 {
[%clk 0:02:35]} 40... Kf6 {[%clk 0:01:28]} 41. Ke3 {[%clk 0:01:50]} 41... Rxd2
{[%clk 0:01:38]} 42. Kxd2 {[%clk 0:02:15]} 42... g5 {[%clk 0:01:25]} 43. Bf1 {
[%clk 0:30:19]} 43... gxf4 {[%clk 0:30:38]} 44. gxf4 {[%clk 0:30:33]} 44... Kg6
{[%clk 0:30:32]} 45. Be2 {[%clk 0:30:52]} 45... Ne8 {[%clk 0:28:04]} 46. Ke3 {
[%clk 0:29:12]} 46... Nf6 {[%clk 0:26:58]} 47. Bd1 {[%clk 0:23:47]} 47... Nh7 {
[%clk 0:23:55]} 48. Be2 {[%clk 0:21:14]} 48... Nf8 {[%clk 0:23:07]} 49. Bd1 {
[%clk 0:16:26]} 49... Nd7 {[%clk 0:16:47]} 50. Be2 {[%clk 0:14:41]} 50... Nb8 {
[%clk 0:16:29]} 51. Bd1 {[%clk 0:12:03]} 51... Na6 {[%clk 0:15:58]} 52. Be2 {
[%clk 0:09:45]} 52... Nb4 {[%clk 0:15:58]} 53. Kd2 {[%clk 0:09:41]} 53... h5 {
[%clk 0:07:47]} 54. h3 {[%clk 0:07:22]} 54... h4 {[%clk 0:07:03]} 55. Bf1 {
[%clk 0:06:09]} 55... Kf6 {[%clk 0:03:28]} 1/2-1/2

[Event "DVM U14w 2020"]
[Site "Willingen GER"]
[Date "2021.06.24"]
[Round "2"]
[White "Buchholz, Maja"]
[Black "Frowein, Katja"]
[Result "1-0"]
[Termination "normal"]
[Board "4.2"]
[WhiteElo "1713"]
[BlackElo "1388"]
[WhiteClock "01:19:09"]
[BlackClock "01:09:14"]
[WhiteTeam "VSG 1880 Offenbach"]
[BlackTeam "SC Garching 1980 e.V."]
[PlyCount "65"]
[WhiteFideId "16200500"]
[BlackFideId "16282949"]
[EventCountry "GER"]
[EventRounds "7"]
[EventType "team-swiss"]
[EventDate "2021.06.23"]

1. e4 {[%clk 1:30:58]} 1... c5 {[%clk 1:30:53]} 2. Nf3 {[%clk 1:31:23]} 2... d6
{[%clk 1:31:16]} 3. d4 {[%clk 1:31:48]} 3... cxd4 {[%clk 1:31:39]} 4. Nxd4 {
[%clk 1:32:12]} 4... Nc6 {[%clk 1:31:54]} 5. Nc3 {[%clk 1:32:36]} 5... Nf6 {
[%clk 1:32:01]} 6. f3 {[%clk 1:32:52]} 6... g6 {[%clk 1:32:02]} 7. Be3 { [%clk
1:33:11]} 7... Bg7 {[%clk 1:32:12]} 8. Qd2 {[%clk 1:33:29]} 8... O-O { [%clk
1:32:32]} 9. Bc4 {[%clk 1:33:44]} 9... a6 {[%clk 1:32:04]} 10. O-O-O { [%clk
1:34:00]} 10... Qc7 {[%clk 1:31:39]} 11. Bb3 {[%clk 1:34:21]} 11... Rb8 { [%clk
1:29:04]} 12. h4 {[%clk 1:34:27]} 12... Bd7 {[%clk 1:28:14]} 13. g4 { [%clk
1:33:23]} 13... Ne5 {[%clk 1:26:16]} 14. Bh6 {[%clk 1:28:57]} 14... b5 { [%clk
1:25:13]} 15. Bxg7 {[%clk 1:28:52]} 15... Kxg7 {[%clk 1:25:29]} 16. h5 { [%clk
1:28:43]} 16... b4 {[%clk 1:24:45]} 17. Nd5 {[%clk 1:28:52]} 17... Nxd5 { [%clk
1:23:05]} 18. exd5 {[%clk 1:29:07]} 18... a5 {[%clk 1:21:01]} 19. hxg6 { [%clk
1:28:56]} 19... fxg6 {[%clk 1:19:17]} 20. Ba4 {[%clk 1:23:22]} 20... Nxf3
{[%clk 1:17:38]} 21. Qh6+ {[%clk 1:23:11]} 21... Kf7 {[%clk 1:17:02]} 22. Bxd7
{[%clk 1:21:51]} 22... Qxd7 {[%clk 1:15:14]} 23. Nxf3 {[%clk 1:21:47]} 23...
Qxg4 {[%clk 1:14:15]} 24. Nd4 {[%clk 1:21:38]} 24... Rh8 {[%clk 1:12:41]} 25.
Rhf1+ {[%clk 1:21:17]} 25... Ke8 {[%clk 1:12:21]} 26. Nc6 {[%clk 1:20:39]}
26... Rc8 {[%clk 1:11:27]} 27. Qg7 {[%clk 1:20:58]} 27... Qg5+ {[%clk 1:11:38]}
28. Kb1 {[%clk 1:21:22]} 28... Kd7 {[%clk 1:11:46]} 29. Rfe1 {[%clk 1:21:24]}
29... Rce8 {[%clk 1:11:19]} 30. Qd4 {[%clk 1:20:34]} 30... e5 {[%clk 1:08:37]}
31. Qa7+ {[%clk 1:18:18]} 31... Kc8 {[%clk 1:08:56]} 32. Qb8+ {[%clk 1:18:43]}
32... Kd7 {[%clk 1:09:14]} 33. Qb7# {[%clk 1:19:09]} 1-0